00546nam a2200169 i 450000100060000000300090000600500170001500700030003200800410003510000190007624501350009526000560023030000280028670000160031470000250033085200210035584704ES-MaACL20230906175056.0t|041123s1902 xxk ||||1| eng d1 aJenks, Edward.10aEssai sur le govermennent local en angleterre / cpar Edward Jenks ; traduction de J. Wilhelm ; avec une preface de H. Berthelemy. a[S.l. : bs.n., c1902] (eLaval : fL. Barnéoud) aXXVI, 324 p. ; c19 cm.1 aWilhelm, J.0 aBerthélemy, Henry. aES-MaACLjD-1255